000 01478nam0a2200361 i 4500
001 RU\NLR\BIBL_A\011393319
005 20241105194611.0
010 _a9785984504843
_950
021 _aRU
_b2017-31214
_92301
035 _a(RuMoRGB)008870284
035 _a(NLR Aleph) 011393319
090 _a11464269
_c11464269
100 _a20170525d2017 km y0rusy50 ca
101 0 _arus
102 _aRU
105 _aach|z|||000zb
200 1 _aУчёный. Зоолог. Герпетолог. Отец
_eон не вернулся с войны…
_fЛ. Б. Красавцев
210 _aАрхангельск
_cКИРА
_d2017
215 _a33 с.
_cил., портр., факс.
_d21
300 _aНа 4-й с. обл. авт.: Л.Б. Красавцев - проф., д.ист.н.
320 _aБиблиогр.: с. 32-33 (16 назв.)
320 _aТр. Б.А. Красавцева: с. 29-31 (28 назв.)
333 _a12+
600 1 _aКрасавцев
_bБ.А.
_f1909 - 1943
_gБорис Аркадьевич
_92328538
_3RU\NLR\AUTH\6601616959
686 _aЕ6д(2)Красавцев Б.А.-2,0
_2rubbk
686 1 _aЕ6д(2)Красавцев
686 1 _aЕ693.34д(2)Красавцев
700 1 _aКрасавцев
_bЛ. Б.
_f1933-
_gЛев Борисович
702 1 _aКрасавцев
_bБ. А.
_f1909-1943
_gБорис Аркадьевич
_4570
942 _cBOOK
980 _aNBR